| 000 -LEADER |
| fixed length control field |
01082cam a2200229 a 4500 |
| 040 ## - CATALOGING SOURCE |
| Transcribing agency |
DLC |
| 082 00 - DEWEY DECIMAL CLASSIFICATION NUMBER |
| Classification number |
650 LOG 1992 C156 Or. |
| 245 00 - TITLE STATEMENT |
| Title |
1-2-3 for Windows release 1.0 database and graphics : |
| Remainder of title |
instructor's manual. |
| 260 ## - PUBLICATION, DISTRIBUTION, ETC. (IMPRINT) |
| Place of publication |
Rochester, NY (595 Blossom Rd., Rochester 14610) : |
| Name of publisher |
Logical Operations, |
| Year of publication |
c1992. |
| 300 ## - PHYSICAL DESCRIPTION |
| Number of Pages |
1 v. (various pagings) : |
| Other physical details |
ill. ; |
| Dimensions |
30 cm. + |
| Accompanying material |
1 computer disk (3 1/2 in.) |
| 500 ## - GENERAL NOTE |
| General note |
System requirements for computer disk: IBM-compatible PC with 80286 or higher microprocessor; 2MB RAM; Microsoft Windows 3.0; 1-2-3 for Windows release 1.0; EGA, VGA, or IBM 8514 monitor; mouse; hard disk; printer recommended. |
| 500 ## - GENERAL NOTE |
| General note |
"42-222-IN." |
| 500 ## - GENERAL NOTE |
| General note |
"For course number: 42-222. For course edition: 1.0. For software version: 1.0"--T.p. verso. |
| 500 ## - GENERAL NOTE |
| General note |
"Getting started" (20 p. : ill. ; 21 cm.) inserted. |
| 500 ## - GENERAL NOTE |
| General note |
Includes index. |
| 650 #0 - SUBJECT ADDED ENTRY--TOPICAL TERM |
| Topical Term |
Business |
| 650 #0 - SUBJECT ADDED ENTRY--TOPICAL TERM |
| Topical Term |
Electronic spreadsheets. |
| 650 #0 - SUBJECT ADDED ENTRY--TOPICAL TERM |
| Topical Term |
Database management |
| 650 #0 - SUBJECT ADDED ENTRY--TOPICAL TERM |
| Topical Term |
Presentation graphics software. |
| 710 2# - ADDED ENTRY--CORPORATE NAME |
| Corporate name or jurisdiction name as entry element |
Logical Operations Inc. |
| 942 ## - ADDED ENTRY ELEMENTS (KOHA) |
| Koha item type |
ADB |
| 952 ## - LOCATION AND ITEM INFORMATION (KOHA) |
| Withdrawn status [LOCAL, KOHA] |
0 |